00329nam a2200121Ia 4500008004100000041000800041082001600049100002400065245004500089260003300134300002900167365001100196240624s9999 xx 000 0 und d aeng a343.052 CHO aCHOWDARY NAGENDRA V aFOREIGN EXCHANGE RESERVES CONCEPTS AND C c2004aHyderabadbICFAI press ax, : 195 : p. : cm. ; 23 cRSb50